00345 a2200121 450000100060000010000180000624500250002426000310004909000170008094200230009799900190012095200840013937202 aBowerrox D J aLogislical Managment aNew YorkbMacmillan Pubsc c23766d23766 aNUST-CAEcMc15298 c272275d272275 001040708NFICaCAEbCAEd2017-04-03l0pCAE61684r2017-04-05w2017-04-05yBK